|
|
|
|
| LEADER |
00000cam a2200000 7i4500 |
| 001 |
0000022855 |
| 005 |
20100820.0 |
| 008 |
100820 my e may |
| 040 |
|
|
|a INS
|
| 090 |
0 |
0 |
|a CD 438
|
| 110 |
1 |
|
|a Jabatan Penilaian dan Perkhidmatan Harta
|
| 245 |
0 |
0 |
|a Laporan stok harta tanah suku ke-4 2009 = property stock report Q4 2009 [
|h sumber elektronik]
|
| 260 |
|
|
|a Putrajaya :
|b NAPIC ,
|c 2009
|
| 300 |
|
|
|a 1 cakera komputer optikal :
|b wrn., il. ;
|c 4 3/4 in.
|
| 710 |
1 |
|
|a Pusat Maklumat Harta Tanah Negara (NAPIC)
|x Malaysia
|
| 999 |
|
|
|a CD00000438
|b CD-ROM
|c Media Collection
|e Default branch
|
| 999 |
|
|
|a CD00000439
|b CD-ROM
|c Media Collection
|e Default branch
|
| 999 |
|
|
|a CD00000440
|b CD-ROM
|c Media Collection
|e Default branch
|
| 999 |
|
|
|a CD00000441
|b CD-ROM
|c Media Collection
|e Default branch
|
| 999 |
|
|
|a CD00000442
|b CD-ROM
|c Media Collection
|e Default branch
|